Normal view
MARC view
- Farrer-Hockley, Anthony
Entry Personal Name
001 - CONTROL NUMBER
- control field: 48996
003 - CONTROL NUMBER IDENTIFIER
- control field: NUST
005 - DATE AND TIME OF LATEST TRANSACTION
- control field: 20210314134220.0
008 - FIXED-LENGTH DATA ELEMENTS
- fixed length control field: 210314|| aca||aabn | a|a d
040 ## - CATALOGING SOURCE
- Original cataloging agency: NUST
- Transcribing agency: NUST
100 ## - HEADING--PERSONAL NAME
- Personal name: Farrer-Hockley, Anthony
670 ## - SOURCE DATA FOUND
- Source citation: Work cat.: (NUST): Farrer-Hockley, Anthony, Airborne carpet operation market garden, 1969
